Las guerras asgardianas / (Registro nro. 11158)
[ vista simple ]
| 000 -CABECERA | |
|---|---|
| Longitud fija campo de control | 00820nam a2200253 c 4500 |
| 003 - • IDENTIFICADOR DELl NÚMERO DE CONTROL | |
| Identificador del número de control | CO-ViMGA |
| 005 - • FECHA Y HORA DE LA ÚLTIMA TRANSACCIÓN | |
| Fecha y hora de la última transacción | 20230915224039.0 |
| 008 - • CÓDIGOS DE INFORMACIÓN DE LONGITUD FIJA | |
| Códigos de información de longitud fija | 150528s2015 sp a | |||| 000 1 spa |
| 020 ## - • NÚMERO INTERNACIONAL NORMALIZADO PARA LIBROS | |
| Número Internacional Normalizado para Libros (ISBN) | 9788490940884 |
| 040 ## - FUENTE DE LA CATALOGACIÓN | |
| Centro catalogador de origen | CO-ViMGA |
| Lengua de catalogación | spa |
| Centro transcriptor | CO-ViMGA |
| 041 1# - • CÓDIGO DE LENGUA | |
| Código de lengua original | eng |
| 082 ## - • NÚMERO DE LA CLASIFICACIÓN DECIMAL DEWEY | |
| Número de clasificación (R) | 741.5 |
| Número del ítem | B26g |
| 100 1# - • PUNTO DE ACCESO PRINCIPAL-NOMBRE DE PERSONA | |
| Nombre de persona | Bendis, Brian Michael |
| Fechas asociadas al nombre | 1967- |
| 245 14 - • TITULO PROPIAMENTE DICHO | |
| Título | Las guerras asgardianas / |
| Mención de responsabilidad, etc. | Brian M. Bendis, Alan Davis ; [traducción, Gonzalo Quesada] |
| 300 ## - • DESCRIPCIÓN FÍSICA | |
| Extensión | [144] p. |
| Otras características físicas | principalmente il. col. |
| Dimensiones | 26 cm. |
| 490 0# - • MENCIÓN DE SERIE | |
| Mención de serie | Los Vengadores |
| Designación de volumen o secuencia | 0 |
| 490 0# - • MENCIÓN DE SERIE | |
| Mención de serie | Marvel deluxe |
| 650 14 - • PUNTO DE ACCESO ADICIONAL DE MATERIA - TÉRMINO DE MATERIA | |
| Término de materia o nombre geográfico como elemento inicial | Comics |
| 650 14 - • PUNTO DE ACCESO ADICIONAL DE MATERIA - TÉRMINO DE MATERIA | |
| Término de materia o nombre geográfico como elemento inicial | Tiras comicas, historietas, etc. |
| 700 1# - • PUNTO DE ACCESO ADICIONAL - NOMBRE DE PERSONA | |
| Nombre de persona | Davis, Alan |
| Fechas asociadas al nombre | 1956- |
| Término indicativo de función | dibujante |
| 942 ## - ENTRADA DE ELEMENTOS AGREGADOS (KOHA) | |
| Fuente de clasificaión o esquema | Dewey Decimal Classification |
| Koha [por defecto] tipo de item | LIbro |
| Perdido | Fuente de clasificación o esquema | Estado Físico | Restricciones de uso | No para préstamo | Forma de adquisición | Localización permanente | Localización actual | Fecha adquisición | Préstamos totales | Signatura completa | Código de barras | Fecha última consulta | Fecha del precio de reemplazo | Tipo de item de Koha |
|---|---|---|---|---|---|---|---|---|---|---|---|---|---|---|
| Dewey Decimal Classification | Restricted Access | Sala General | Biblioteca Barrio Emporio - Villavicencio | Biblioteca Barrio Emporio - Villavicencio | 05/05/2017 | 741.5 B26g | 031977 | 05/05/2017 | 05/05/2017 | LIbro |